00739nam a2200205 4500999001900000005001700019010001500036020002700051035001400078037001300092082001200105245008800117260003500205270005700240300002500297500004000322700002100362942002600383952012400409 c169038d16903820191104152101.0 aENG-126809 a9789383166299c1750.00 aEN-110341 bDBAD/PUB a322.420 aFrom popular movement to rebellion :ced.by Ranabir Samaddarbthe naxalite decade / aNew DelhibEsha Bereillec2018 aSocial Science Press, 69 Jor Bagh, New Delhie110003 axiii;576p.c22cm(Hb) aIncludes bibliographical references aSamaddar, Ranbir 2ddccENh322.420mFRO 001040708NFICaBNbBNd2019-11-04eDBAD/PUBg1750.00l0o322.420 FROpEN-110341r2019-11-04 00:00:00t1v1750.00yEN